000 00585nam a2200217Ia 4500
005 20250923145529.0
008 008 250917s9999 xx 000 0 eng d
037 _aTextual
040 _aDSWL
_beng
_cDSWL
041 _aeng
_2eng
084 _aY:450aX, N80
_qDSWL
100 _aQuinney, Richard
_9836273
245 0 _aClass, state and crime
_c by Richard Quinney
250 _a2nd
260 _aNew York
_b Longman
_c1980
300 _ax,213 p.
365 _aINR
_b86.87
925 _g86.87
942 _cTEXL
_hY:450aX, N80
999 _c1452506
_d1452506